| Tag |
First Indicator |
Second Indicator |
Subfields |
| LEADER |
00000cam a2200000 4500 |
| 001 |
in00000304721 |
| 005 |
20151010092950.0 |
| 008 |
790518s1954 enka 00000 eng d |
| 010 |
|
|
|a 55017219
|
| 035 |
|
|
|a (OCoLC)04978861
|
| 035 |
|
|
|9 ABG7532AM
|
| 040 |
|
|
|a TXA
|c TXA
|d UtOrBLW
|
| 049 |
|
|
|a TXAS
|c [1090707]
|
| 090 |
|
|
|a CT828.M2
|b A3
|
| 100 |
1 |
|
|a McCulloch, John Herries.
|
| 245 |
1 |
0 |
|a North Range ;
|b a record of hard living and adventure on the colourful northern rim of the British Empire.
|
| 264 |
|
1 |
|a London :
|b W. & R. Chambers,
|c [1954]
|
| 264 |
|
4 |
|c [©1954]
|
| 300 |
|
|
|a 191 pages :
|b illustrations
|
| 336 |
|
|
|a text
|b txt
|2 rdacontent
|
| 337 |
|
|
|a unmediated
|b n
|2 rdamedia
|
| 338 |
|
|
|a volume
|b nc
|2 rdacarrier
|
| 999 |
|
|
|a MARS
|
| 999 |
f |
f |
|s 8de32fca-ddae-3b09-8d59-6d25bd50aa51
|i 5bb2f4e4-4b04-3f65-acf5-523e4fe2c93f
|t 0
|
| 952 |
f |
f |
|p noncirc
|a Texas A&M University
|b College Station
|c Cushing Memorial Library & Archives
|d Cushing: Dykes (Does not check out)
|t 0
|e CT828.M2 A3
|h Library of Congress classification
|i unmediated -- volume
|m A14851706938
|
| 998 |
f |
f |
|a CT828.M2 A3
|t 0
|l Cushing: Dykes (Does not check out)
|